Viaje misterioso por el cerro Los Placeres de Valparaíso
Guardat en:
| Autors principals: | , |
|---|---|
| Format: | Llibre |
| Idioma: | espanyol |
| Publicat: |
Valparaíso
Universidad de Valparaíso
2008
|
| Edició: | 1a. ed |
| Matèries: | |
| Etiquetes: |
Afegir etiqueta
Sense etiquetes, Sigues el primer a etiquetar aquest registre!
|
MARC
| LEADER | 00000nam a2200000 a 4500 | ||
|---|---|---|---|
| 001 | UCH1963 | ||
| 003 | CL-VaPUC | ||
| 008 | 090520e20080000CL |||||||||||||||||spa|d | ||
| 020 | |a 9789562140928 | ||
| 082 | 0 | 4 | |a 983.8324 |b BUR |2 21 |
| 100 | 0 | |a Burgos Noceti, Daniella |e author |9 536587 | |
| 651 | 0 | |a Valparaíso, Chile |9 261144 | |
| 700 | 0 | |a Pacheco Zenteno, Carola |e author |9 536588 | |
| 245 | 1 | 0 | |a Viaje misterioso por el cerro Los Placeres de Valparaíso |
| 250 | |a 1a. ed | ||
| 300 | |a 127 p | ||
| 942 | |c BK | ||
| 945 | |d 20090520 00:00:00 |a rbrito | ||
| 260 | |a Valparaíso |b Universidad de Valparaíso |c 2008 | ||
| 600 | 0 | 7 | |a LOS PLACERES |2 CL-VaPUC |9 536589 |
| 650 | 0 | |a Historia de Valparaíso |9 460237 | |
| 650 | 0 | |a Cuentos chilenos |9 308280 | |
| 583 | |a last modification |c 20090520 00:00:00 |k Rodrigo Vera | ||
| 999 | |c 333834 |d 333832 | ||
| 952 | |0 0 |1 0 |4 0 |6 983_832400000000000_BUR_2008 |7 0 |8 A |9 422475 |a BIBHIS |b BIBHIS |d 2019-11-22 |i 4550897 |l 1 |o 983.8324 BUR 2008 |p 4550897 |r 2025-01-20 |s 2023-04-05 |w 2019-11-22 |y BK |k HIS | ||
| 952 | |0 0 |1 0 |4 0 |6 983_832400000000000_BUR_2008 |7 0 |8 X |9 422476 |a FDOBUD |b FDOBUD |d 2019-11-22 |i 4682351 |o 983.8324 BUR 2008 |p 4682351 |r 2019-11-22 |w 2019-11-22 |y BK_X |k BUD | ||